000 01234nam a2200313 i 4500
003 EG-GICUC
005 20260127144508.0
008 260127s2010 ua ||||fr|||| 00| 0 ara d
017 _a2009/19850
020 _a9789773286404
040 _a EG-GICUC
_bara
_c EG-GICUC
_d EG-GICUC
_erda
041 _aara
082 0 4 _221
_a343.7
_bأ م . ن
092 0 4 _221
099 _aLaw1 10 343.7 أ م . ن2010
100 0 _a أمين مصطفى محمد
_eمؤلف.
245 1 0 _aنظام الإمتناع عن النطق بالعقاب :
_bدراسة مقارنة بنظام الاختبار القضائي فى القانون المصرى والفرنسى والكويتى /
_cتأليف دكتور أمين مصطفى محمد.
264 1 _aالإسكندرية :
_bدار الجامعة الجديدة،
_c2010.
300 _a166 صفحة ;
_c24 سم.
336 _2rda content
_atext
337 _2rda media
_aComputer
338 _2rda carrier
_aOnline Resource
504 _aيشتمل على إرجاعات ببليوجرافية.
650 1 _aالقانون الجنائي
650 1 _aعلم العقاب
856 4 0 _uhttps://fll.law.cu.edu.eg/fulltext/bks/B10-07977.pdf
905 _a43
942 _2ddc
_n0
_cBK
_e21
999 _c59601
_d59601